Open Data Biblioteca Nacional de Portugal


República Portuguesa: Ministério da Cultura
Biblioteca Nacional de Portugal

Catálogo da BNP: acesso por Identificadores Unívocos
Registos Bibliográficos associados ao registo de autoridade

Etiqueta de registo: 00254nam 2200025 450
001 2285225
003 http://id.bnportugal.gov.pt/bib/catbnp/2285225
010 ## $a978-989-790408-0
021 ## $aPT$b559837/26
100 ## $a20260424d2026 c y0pory01030103ba
101 0# $apor
102 ## $aPT
105 ## $aa z 000yy
106 ## $ar
200 1# $aNaquela casa havia...$fBeatriz Doutel, Genoveva Purificação$gil. Alice Mary
205 ## $a1ª ed
210 #9 $aCarnaxide$cCordel D'Prata,$d2026
215 ## $a31, [5] p.$cil.$d20 cm
700 #1 $aDoutel,$bBeatriz$31996869
701 #1 $aPurificação,$bGenoveva$4070$31996870
701 #1 $aMary,$bAlice$4440$31958188
801 #0 $aPT$bBN$gRPC
966 ## $lBN$mFGMON$x1
971 ## $cssilva$d20260424

OpendataBNP@bnportugal.pt | Mais informação sobre acesso aos dados BNP